000 00625nam a22002297a 4500
005 20230210091814.0
008 230210b ||||| |||| 00| 0 eng d
020 _a8131412008
040 _cAL
041 _aeng
082 _223
_a332.6
_bICFD
100 _aICFAI
_971741
245 _aDerivatives: anlysis and valuation
260 _aHyderabad
_bThe Icfai University Press
_c2007
300 _aiv,264p.
_bPB
_c26x21cm.
365 _2Economics
650 _aMarkets and Instruments
_971742
650 _aSwap Markets
_971743
650 _aAsset Backed Securities
_971744
700 _aICFAI
_971741
942 _2ddc
_cDB
999 _c226636
_d226636